00426nam a2200169Ia 4500003000400000005001700004008004100021020001500062040001800077041000800095082002100103100002200124245003800146250001200184260003600196300002400232OSt20250122145344.0210716s1975 xx 000 0 und d a0380004259 cAIMIT LIBRARY aeng a808.83 21bROGR aRogers, Rosemary. aDark fires /cBy Rosemary Rogers. a1st ed. aNew York :bAvon Books ;c1975. a604p. ;bPBc17 cm.